000
00227nam a2200097Ia 4500
008
240331s9999 xx 000 0 und d
082
_b
SAM
100
_a
Sameem, M
245
0
_a
Oru sirupanmai asamugathin pirachanaikal
942
_c
L
999
_c
2114
_d
2114